000 00978nam a22002177a 4500
999 _c856
_d856
003 AR-CdUCM
008 190225b ||||| |||| 00| 0 spa d
040 _aMUNICIPALIDAD PROVINCIAL DEL CUSCO
_cBIBLIOTECA MUNICIPAL DEL CUSCO
082 _a343.8 /
_bC13
100 _aCaballero Bustamante, Simeon
_93274
245 _aImpuesto a las remuneraciones :
_bConcordado y Actualizado /
_cCaballero Bustamante, Simeon
260 _aLima - Peru:
_bCaballero Bustamante ,
_c1983.
300 _a200 paginas.
_c21 cm.
505 _aAmbitos de Aplicacion Tributaria -- Sujecion a Impuestos -- Bases Imponibles -- Conceptos de Remuneracion -- Impuestos a las Remuneraciones como credito -- Disposiciones para la Zona de Selva --Disposiciones Legales...
650 _aHistoria Tributaria Peruana.
_93275
650 _aImpuestos a las Remuneraciones 83.
_93276
650 _aPeru 1983.
_93277
700 _aCaballero Bustamante, Simeon
_93274
942 _2ddc
_cLIBROS
945 _artm
_d2019-02-25